The complete art of war / (Registro nro. 11068)
[ vista simple ]
| 000 -LIDER | |
|---|---|
| fixed length control field | 00976nam a22003017a 4500 |
| 001 - NÚMERO DE CONTROL | |
| Identificador de número de control | 000432 |
| 003 - IDENTIFICACDOR DE NÚMERO DE CONTROL | |
| control field | DO-SdBNP |
| 005 - DATE AND TIME OF LATEST TRANSACTION | |
| control field | 20180122090741.0 |
| 007 - CAMPOS FIJOS DE DESCRIPCIÓN FÍSICA | |
| fixed length control field | 000432 |
| 008 - ELEMENTOS DE LONGITUD FIJA | |
| fixed length control field | 160801b 1996 a xxu ||||| |||| 00| 0 spa d |
| 020 ## - ISBN | |
| International Standard Book Number | 0813330858 |
| 020 ## - ISBN | |
| International Standard Book Number | 9780813330858 |
| 040 ## - FUENTE DE CATALOGACIÓN | |
| Agencia que crea de manera original el registro | BPMSU |
| Idioma de catalogación | spa |
| Agencia que realiza la transcripción | BPMSU |
| 092 ## - LOCALLY ASSIGNED DEWEY DECIMAL CALL NUMBER | |
| Número de clasificación | xxxxx |
| Número de ítem (Cutter) | xxxxx |
| 100 1# - ASIENTO PRINCIPAL -- NOMBRE PERSONAL | |
| Nombre personal | Sun, Tzu. |
| 245 10 - MENCIÓN DE TITULO | |
| Título | The complete art of war / |
| Mención de responsabilidad | Sun-tzu, Sun Pin ; translated, with historical introduction and commentary, by Ralph D. Sawyer ; with the collaboration of Mei-chün Lee Sawyer. |
| 260 ## - PUBLICACIÓN, DISTRIBUCIÓN, ETC. (PIE DE IMPRENTA) | |
| Lugar de publicación, distribución, etc | Boulder, Colo. : |
| Nombre del editor, distribuidor, etc. | Westview Press, |
| Fecha de publicación, distribución, etc | 1996. |
| 300 ## - DESCRIPCIÓN FÍSICA | |
| Extensión | xv, 304 p. ; |
| Dimensiones | 21 cm. |
| 490 1# - MENCIÓN DE SERIES | |
| Mención de serie | History and warfare. |
| 505 ## - NOTA DE CONTENIDO | |
| Título | Art of war / |
| Mención de responsabilidad | Sun-tzu -- |
| Título | Military methods / |
| Mención de responsabilidad | Sun Pin. |
| 700 1# - ASIENTO SECUNDARIO -- NOMBRE PERSONAL | |
| Nombre personal | Sun, Pin |
| 700 1# - ASIENTO SECUNDARIO -- NOMBRE PERSONAL | |
| Nombre personal | Sawyer, Ralph D. |
| 700 1# - ASIENTO SECUNDARIO -- NOMBRE PERSONAL | |
| Nombre personal | Sawyer, Mei-chün Lee |
| 830 #0 - ASIENTO SECUNDARIO DE SERIE--TÍTULO UNIFORME | |
| Título uniforme | History and warfare. |
| 942 ## - ADDED ENTRY ELEMENTS (KOHA) | |
| Source of classification or shelving scheme | Dewey Decimal Classification |
| Koha item type | Libros |
| 945 ## - INFORMACIÓN DE PROCESAMIENTO LOCAL | |
| Información de procesamiento local | Inventariado, 2018 / YL |
| 956 ## - LOCAL ELECTRONIC LOCATION AND ACCESS (OCLC) | |
| Nombre de host | LOPEREZ |
| Número de acceso | 10 |
| Información de compresión | BPMSU |
| Withdrawn status | Lost status | Source of classification or shelving scheme | Damaged status | Not for loan | Collection code | Home library | Current library | Date acquired | Source of acquisition | Total Checkouts | Barcode | Date last seen | Price effective from | Koha item type |
|---|---|---|---|---|---|---|---|---|---|---|---|---|---|---|
| Dewey Decimal Classification | Colección General | Biblioteca Pública Metropolitana Salomé Ureña | Biblioteca Pública Metropolitana Salomé Ureña | 08/01/2016 | Roberto Antonio Férnandez | BPMSU16080012 | 08/01/2016 | 08/01/2016 | Libros |